000 00556nam a2200193Ia 4500
999 _c6924
_d6924
003 OSt
005 20200811140249.0
008 190216s9999||||xx |||||||||||||| ||und||
020 _a9788180540042
040 _coclc
082 _a519.5
_bGUP/F
100 _aGupta, S C
_9779
245 0 _aFundamentals Of Mathematical Statistics /
_cS C Gupta ; V K Kapoor
250 _a11th Ed.
260 _bSultan Chand And Sons,
_c2006.
_aNew Delhi:
300 _a1092p
650 _aEconomics
942 _cBK
_2ddc
_h519.5
_iGUP/F
_k519.5
_mGUP/F